Brésil de A à Z - Statistiques

Statistiques générales
  • Ce quiz a été pris 210 fois
  • Le résultat moyen est 9 sur 25
Statistiques - réponses
Lettre Indice Réponse % Correct
F Nom donné aux bidonvilles des métropoles brésiliennes Favelas
93%
E Ligne imaginaire qui coupe le Brésil en deux parts inégales Equateur
87%
N Footballeur brésilien, évoluant au Paris Saint-Germain Neymar
81%
R Footballeur ayant évolué à Paris à partir de 2001, célèbre pour son passeport Ronaldinho
70%
H Ville dans laquelle se trouve Budapest, jumelée à São Paulo Hongrie
69%
K Célèbre footballeur brésilien ayant évolué à l'AC Milan Kaka
67%
C Art martial brésilien parfois apparenté à une danse Capoeira
66%
S Pilote de Formule 1, tragiquement décédé à Saint-Marin en 1994 Senna
60%
I Chutes qui servent de tripoint entre le Paraguay, le Brésil et l'Argentine Iguaçu
56%
M La plus grande métropole de la forêt amazonienne Manaus
52%
O Devise du Brésil, lisible sur le drapeau du pays Ordem e Progresso
50%
V Le nombre d'états que compte le Brésil, sans la capitale Vingt-Six
43%
D Ville sud-africaine jumelée à Rio de Janeiro Durban
33%
Z Footballeur brésilien ayant longtemps évolué au Flamengo Zico
33%
G L'un des derniers peuples amérindiens du Brésil Guarani
24%
X Siècle pendant le Brésil a été une monarchie à part entière XIXème
18%
A Région brésilienne frontalière de la France Amapa
15%
W Gardien de but remplaçant de la Seleção Weverton
7%
B Seul capitale d'état au-dessus de la réponse E Boa Vista
4%
P Arbre également appelé bois-brésil, et qui donne son nom à un des états Pernambouc
3%
U Nom de ville brésilienne dont le nom rappelle un des NATU Ubêrlandia
3%
Q Sportif brésilien excellant dans le canoë Queiroz
2%
J L'un des affluents de l'Amazone, qui passe au Pérou Jurua
0%
L Type de danse, mélange des traditions portugaises et bantoues d'Angola Lundu
0%
T L'une des grandes îles administrées par le Brésil Trindade
0%
Aucun quiz correspondant
Distribution des résultats
% des personnes avec chaque résultat
Percentile par nombre de réponses
Votre historique - résultats
Vous n’avez pas pris ce quiz